000 00532nam a2200229Ia 4500
003 OSt
005 20221005124223.0
006 a|||||r|||| 00| 0
007 ta
008 221004b |||||||| |||| 00| 0 eng d
024 _a31782
037 _cTextual
040 _aCRL
_cCRL
_beng
041 _2eng
_aeng
082 _aM95, H4
100 _aDe Sola Ralph
245 0 _aMicrofilming
260 _c1944
650 _aINDUSTRIAL ARTS
942 _hM95, H4
_cTEXL
_2cc
999 _c1049777
_d1049777